| 000 | 00751nam a22002297a 4500 | ||
|---|---|---|---|
| 008 | 130821s1923 fr gr fre | ||
| 040 |
_aCo-BoUCM _bspa |
||
| 041 | 0 | 0 | _afre |
| 100 |
_aHuby, Joseph _9149664 |
||
| 245 | 0 | 0 |
_aChristus _bManuel d'histoire des religions _cJoseph Huby |
| 260 |
_aParís (Francia) _bGabriel Beauchesne _c1923 |
||
| 300 | _a1332 páginas | ||
| 500 | _aNotas al pie del texto.-- Incluye índice alfabético de materias | ||
| 600 |
_aJesucristo _91986 |
||
| 610 |
_aIglesia Católica _93579 |
||
| 650 | 0 | 4 |
_aCristianismo _912174 |
| 650 | 0 | 4 |
_aHistoria _97695 |
| 650 | 0 | 4 |
_aReligión _923497 |
| 650 | 0 | 4 |
_aReligión _xHistoria _951419 |
| 942 |
_cLIBRO _a4 _e1 _mH82 _n0 _2DEWEY _h209 |
||
| 999 |
_c85891 _d85891 |
||